Central Library OPAC University of Rajshahi

The poems of Sir Walter Ralegh / (Record no. 22373)

MARC details
000 -LEADER
fixed length control field 00925nam a2200289 a 4500
001 - CONTROL NUMBER
control field 22373
003 - CONTROL NUMBER IDENTIFIER
rucl marc code BD-RjUL
005 - DATE AND TIME OF LATEST TRANSACTION
control field 20211209000811.0
008 - FIXED-LENGTH DATA ELEMENTS--GENERAL INFORMATION
fixed length control field 140308s1951 enkafc 00| 1 eng d
035 ## - SYSTEM CONTROL NUMBER
System control number (BD-RjUL)22438
System control number (OCoLC)245183
040 ## - CATALOGING SOURCE
Original cataloging agency DLC
Transcribing agency YNG
Modifying agency SER
-- m.c
-- BD-RjUL
Language of cataloging eng
041 ## - LANGUAGE CODE
Language code of text/sound track or separate title eng
082 04 - DEWEY DECIMAL CLASSIFICATION NUMBER
Classification number 809.13
Author mark and year RAP 1951
100 1# - MAIN ENTRY--PERSONAL NAME
Personal name Ralegh, Walter,
Dates associated with a name 1552?-1618.
9 (RLIN) 69078
245 14 - TITLE STATEMENT
Title The poems of Sir Walter Ralegh /
Statement of responsibility, etc. edited with an introduction by Agnes M.C. Latham.
260 ## - PUBLICATION, DISTRIBUTION, ETC. (IMPRINT)
Place of publication, distribution, etc. London :
Name of publisher, distributor, etc. Routledge & Kegan Paul,
Date of publication, distribution, etc. 1951.
300 ## - PHYSICAL DESCRIPTION
Pagination lxiii, 182 p. :
Illustrations front., ports. ;
Size 18 cm.
490 ## - SERIES STATEMENT
Series statement The Muses' library
650 #0 - SUBJECT ADDED ENTRY--TOPICAL TERM
Topical term or geographic name as entry element Poetry, Modern
Chronological subdivision 15th and 16th centuries.
9 (RLIN) 69079
700 1# - ADDED ENTRY--PERSONAL NAME
Personal name Latham, Agnes M. C.
Fuller form of name (Agnes Mary Christabel)
830 #0 - SERIES ADDED ENTRY--UNIFORM TITLE
Uniform title The Muses' library
942 ## - ADDED ENTRY ELEMENTS (KOHA)
Source of classification or shelving scheme Dewey Decimal Classification
Koha item type Books
Holdings
Lost status Source of classification or shelving scheme Damaged status Not for loan Collection code Permanent Location Current Location Shelving location Date acquired Source of acquisition Cost, normal purchase price Total Checkouts Full call number Date last seen Copy number Koha item type
  Dewey Decimal Classification   Added to bundle Fiction Central Library, University of Rajshahi Central Library, University of Rajshahi Reading Room 04/02/1956 A. B. C. 8.80   809.13 RAP 1951 08/03/2014 C-1 Books